000 00713nam a22002057a 4500
003 OSt
005 20251210023336.0
008 251210b |||||||| |||| 00| 0 eng d
020 _a9718581456
040 _aDWCL - Main
_cOC
082 _aFil. 820 P314in 2002
100 _aPatron, Ida Y.
_eAuthor
245 _aInteractive reading-responding to and writing about Philippine Literature /
_cIda Y. Patron
260 _aQuezon City, Philippines:
_bGreat Books Trading,
_cc2002.
300 _axiv, 311 p.:
_bill.;
_c26 cm.
504 _aIncludes bibliographic references and glossary.
650 _a1. Authors, Filipino -- Biography.
650 _a2. Philippine Literature (English).
942 _2ddc
_cBK - FIL
_n0
999 _c7006
_d7006